Implementation of recommendations of the official committee (Record no. 499773)

000 -LEADER
fixed length control field 00356cam a22001097a 4500
008 - FIXED-LENGTH DATA ELEMENTS--GENERAL INFORMATION
fixed length control field 180718b xxu||||| |||| 00| 0 eng d
082 ## - DEWEY DECIMAL CLASSIFICATION NUMBER
Classification number K23x5444 M999im
245 ## - TITLE STATEMENT
Title Implementation of recommendations of the official committee
Statement of responsibility, etc. by Finance Department, Mysore
260 ## - PUBLICATION, DISTRIBUTION, ETC.
Place of publication, distribution, etc. Bangalore
Name of publisher, distributor, etc. Finance Department
Date of publication, distribution, etc.
300 ## - PHYSICAL DESCRIPTION
Extent 64p.
700 ## - ADDED ENTRY--PERSONAL NAME
Personal name Mysore. Finance Department
Holdings
Withdrawn status Lost status Damaged status Not for loan Permanent Location Current Location Date acquired Full call number Barcode Date last seen Price effective from Koha item type
        Indian Institute of Public Administration Indian Institute of Public Administration 2018-08-04 K23x5444 M999im GG12289 2018-08-04 2018-08-04 GG

Powered by Koha